Expenditures for drugs in Slovakia

Charakteristika najproblematickejšej a finančne najnáročnejšej časti zdravotných služieb na Slovensku, ktorou sú výdavky na lieky.

Guardado en:
Detalles Bibliográficos
Autor principal: Nemec, Juraj
Otros Autores: Štrangfeldová, Jana
Formato: Capítulo de libro
Lenguaje:inglés
Materias:
Etiquetas: Agregar Etiqueta
Sin Etiquetas, Sea el primero en etiquetar este registro!

MARC

LEADER 00000naa a2200000 4500
001 0164181
005 20231204130927.6
041 0 |a eng 
044 |a SK 
245 1 0 |a Expenditures for drugs in Slovakia  |c Juraj Nemec, Jana Štrangfeldová 
520 |a Charakteristika najproblematickejšej a finančne najnáročnejšej časti zdravotných služieb na Slovensku, ktorou sú výdavky na lieky. 
610 2 0 |a Slovensko 
610 2 0 |a výdavky 
610 2 0 |a liečivá 
610 2 0 |a zdravotníctvo 
610 2 0 |a služby zdravotnícke 
100 1 |a Nemec, Juraj 
700 1 |a Štrangfeldová, Jana